00696nam a22002297a 45000010005000000030006000050050017000110080041000280200018000690400029000870500017001160820010001331000025001432450047001682600043002153000057002585050007003155200072003225210027003945210018004216500027004398960FISKH20251111141808.0251111b cb ||||| |||| 00| 0 eng d a9781626722316 aFISKHbengcFISKHdFISKH aPZ7.B82832 B a636.8 aBruel, Nick eAuthor aBad kitty does not like dogs /cNick Bruel aNew York :bA Neal Porter Book ,c2015 a24 unnumbered pages : bcolor illustrations ;c21 cm aG  a"Kitty wants to sleep. Puppy wants to play. Can they compromise?"--8 a350 bLexile estimate 8 aG bRaz-Plus  aBad Kitty seriesvCats